00690nam a2200241Ia 4500001000900000003000500009005001700014008004100031010001100072020001800083040000900101082002000110100002600130245010600156250001100262260005800273300001100331504003100342650002300373650001800396650001900414650001500433dia_5304CHAP20251023171724.0220117s2007 xx 000 0 und d a176214 a970-36-0382-3 cCHAP a547.28 U75 2007 aUribe Velasco, Miguel aLos polímeros : síntesis, caracterización, degradación y reología /c Miguel Uribe Velasco a4a ed. aMéxico :b Instituto Politécnico Nacional,c2007 a377 p. aBibliografía: p. 375-377 aPolimerización  aPolímeros  aPolymerization aPolymers